000 00650nam a2200193Ia 4500
003 OSt
005 20220925195957.0
006 a|||||r|||| 00| 0
007 ta
008 220923b |||||||| |||| 00| 0 eng d
037 _cGeneral Book
040 _aRTL
_cRTL
_beng
041 _2eng
_aeng
082 _aX9(M7:11).2136.N64t, K4
245 0 _aShri ranga vilas ginning , spinning & weaving mills ltd
_b Annual records and accounts for the year Dec.1964-65.
260 _aCoimbator
_bShri Ranga Villas Ginning spining & weaving mills.
_c1965
942 _hX9(M7:11).2136.N64t, K4
_cGB
_2CC
999 _c534975
_d534975